000 01026 am a2200265 a 4500
005 20240627100527.0
008 100309s1993||||sp ||||f |||| 001 0 spa d
020 _a8420519936
041 _aspa
092 _c617
_l9
_sBUR
100 1 _aBurkitt, H. George.
_91534
245 _aCirugía básica.
_bProblemas, diagnóstico y tratamiento /
_cH. George Burkitt
250 _a1a ed.
_bTraducción F. Hernando ; A. Sánchez pernaute y A. J. Torres
260 _aMadrid:
_bChurchill Livingstone;
_c1993.
300 _a766 p.
_bil.
500 _aBurkitt, H. G., Quick, C. R. G. y Gatt, D. (1993). Cirugía básica. Problemas, diagnóstico y tratamiento. (1a ed.). Madrid : Churchill Livingstone.
653 _aPrincipios quirúrgicos básicos
653 _aPrincipios de la cirugía del traumatizado
653 _aSíntomas, diagnóstico y tratamiento
653 _aProblemas terapéuticos del enfermo quirúrgico
700 1 _aQuick, Clive R. G.
_91535
700 1 _aGatt, Dennis.
_91536
930 _a165
942 _2ddc
_cBK
999 _c61
_d61